01977nam a2200241Ia 4500001000600000003000900006008004100015040001300056040001300069041001300082100001900095100002900114245001300143245001300156250001100169260001100180260002400191260004900215300005700264500135500321650002801676650003101704H4727IT-RoPAU130308s9999 xx 000 0 und d aIT-RoPAU cIT-RoPAU aITALIANO aVinardi Monica gCodice Aut. SPICS: 57790 aBoccioni bBoccioni a1a ed. aMILANO bCorriere Della Sera c2004 [1° Ed.:2004 - Ed.Ling.Originale:2004] a"192 p. (prefazione: no ; testo: 192 [pagine: 0-0])" a"Presentazione di Aldo Palazzeschi: Alle Fonti della Contestazione. Vita, Arte e capolavori a cura di M. Vinardi. Apparati: tavola Cronologica; collocazione Geografica delle Opere; breve Antologia Critica; consigli Bibliografici. Capolavori: signora Virginia; madre con Uncinetto; Veneriamo la Madre;Autoritratto; signora Massimino; ritratto di Innocenzo Massimino; Sogno; tre Donne; Officine a porta Romana; Rissa in Galleria; Lutto; Città che Sale; Risata; Idolo Moderno; Studio di donna Fra le Case; strada Entra nella Casa; visioni Simultanee; Stati D'Animo I, quelli che Restano, gli Addii, quelli che Vanno; Bozzetto per quelli che Vanno; Stati D'Animo Ii, quelli Cherestano, gli Addii, quelli che Vanno; Materia; Costruzione Orizzontale; Antigrazioso; Dimensioni Astratte (Ritratto della Madre); Antigrazioso; Elasticita'; linee e forze di una Bottiglia; donna al Caffe'; forme Uniche Dellacontinuazione Nello Spazio; Dinamismo di un Ciclista, di un Footballer; Corpo Umano; Dinamismo di un Corpo Umano; Costruzione Spiralica; Dinamismo Plastico+Cavallo+Caseggiato; Cavallo+Cavaliere+Caseggiato; Natura Morta, Cocomero; Composizione di una testa di Uomo; Bevitore; sotto la Pergola a Napoli; Dinamismo di una testa di Donna; Carica di Lancieri; Natura morta di Terraglie, Posate e Frutti; testa di Donna; Paesaggio; maestro Ferruccio Busoni" aAUTORI/OPERE DI PITTURA eCodice materia Spics: 5207